| 000 | 00662nam a2200217Ia 4500 | ||
|---|---|---|---|
| 003 | IN-BaIIA | ||
| 008 | 211028s9999 xx 000 0 eng d | ||
| 020 | _a486-60507-8 | ||
| 040 | _cIIA Library | ||
| 080 |
_a535.33 _bBLA |
||
| 100 |
_aBlakman, R. B. _910683 |
||
| 245 | 4 |
_aThe measurement of power spectra : from the point of view of communications engineering _cR.B. Blackman and J.W. Tukey. |
|
| 260 |
_aNew York _bDover Publications _c1958 |
||
| 300 | _ax, 190p. | ||
| 650 |
_aAcoustics _92250 |
||
| 650 |
_aCommunication Engineering _93904 |
||
| 650 | _aNASA Thesaurus | ||
| 650 |
_aPower Spectra _93749 |
||
| 700 |
_aTukey, J. W. _910684 |
||
| 942 | _cBK | ||
| 999 |
_c6207 _d6207 |
||